[Event "Bangalore op 1st"]
[Site "Bangalore"]
[Date "2024.01.26"]
[Round "10"]
[White "Vishnu, Prasanna V"]
[Black "Aquino, Jethro Dino"]
[Result "0-1"]
[WhiteElo "2413"]
[BlackElo "2166"]
[PlyCount "72"]
[EventDate "2024.01.18"]
[EventType "swiss"]
[EventRounds "10"]
[EventCountry "IND"]
[SourceTitle "CB05_2024"]
[SourceDate "2024.01.31"]
[SourceVersion "1"]
[SourceVersionDate "2024.01.31"]
[SourceQuality "1"]

1. d4 Nf6 2. c4 g6 3. Nc3 d5 4. Nf3 Bg7 5. e3 0-0 6. cxd5 Nxd5 7. Bc4 Nxc3 8. bxc3 c5 9. 0-0 Qc7 10. Qe2 Nc6 11. Bb2 b6 12. Rfd1 Bb7 13. e4 e6 14. Bb5 Rfd8 15. Qe3 a6 16. Be2 cxd4 17. cxd4 b5 18. h4 h6 19. Rac1 Qb6 20. Rc2 Rd7 21. h5 g5 22. Rcd2 Rad8 23. Bf1 Ne7 24. Bd3 Nc6 25. Bc2 Na5 26. Bd3 Nc6 27. e5 g4 28. Nh2 Nxe5 29. Be2 f5 30. Rc1 Nf7 31. Nf1 Bxd4 32. Bxd4 Rxd4 33. Rxd4 Rxd4 34. Rd1 e5 35. Rc1 f4 36. Qb3 g3 0-1

[Event "Titled Tuesday intern op 12th Dec Early"]
[Site "Chess.com INT"]
[Date "2023.12.12"]
[Round "7"]
[White "Estrada Nieto, Julian"]
[Black "Vishnu, Prasanna V"]
[Result "0-1"]
[WhiteElo "2212"]
[BlackElo "2413"]
[PlyCount "68"]
[EventDate "2023.12.12"]
[EventType "swiss (blitz)"]
[EventRounds "11"]
[EventCountry "USA"]
[SourceTitle "CB51_2023"]
[SourceDate "2023.12.20"]
[SourceVersion "1"]
[SourceVersionDate "2023.12.20"]
[SourceQuality "1"]

1. e4 c5 2. Nf3 Nc6 3. Bb5 e6 4. 0-0 Nge7 5. Re1 b6 6. c3 Bb7 7. d4 cxd4 8. cxd4 a6 9. Bf1 Ng6 10. d5 Nce5 11. Nc3 Bc5 12. Be3 Bxe3 13. Rxe3 0-0 14. Nxe5 Nxe5 15. Qh5 Ng6 16. Rd1 Qe7 17. a3 Rac8 18. Rh3 h6 19. Rg3 Qf6 20. Qe2 b5 21. Qe3 exd5 22. Nxd5 Bxd5 23. Rxd5 Qxb2 24. Rxd7 Rc1 25. Qd3 Ne5 26. Qd4 Qb1 27. Rxg7+ Kh8 28. h3 Rxf1+ 29. Kh2 Qa1 30. Qe3 Nf3+ 31. gxf3 Rh1+ 32. Kg3 Qxg7+ 33. Kh4 Qf6+ 34. Kh5 Rxh3+ 0-1

[Event "Titled Tuesday intern op 12th Dec Early"]
[Site "Chess.com INT"]
[Date "2023.12.12"]
[Round "5"]
[White "Vishnu, Prasanna V"]
[Black "Begunov, Konstantin"]
[Result "1-0"]
[WhiteElo "2413"]
[BlackElo "2325"]
[PlyCount "53"]
[EventDate "2023.12.12"]
[EventType "swiss (blitz)"]
[EventRounds "11"]
[EventCountry "USA"]
[SourceTitle "CB51_2023"]
[SourceDate "2023.12.20"]
[SourceVersion "1"]
[SourceVersionDate "2023.12.20"]
[SourceQuality "1"]

1. c4 c6 2. Nf3 d5 3. e3 Nf6 4. Nc3 a6 5. d4 Bg4 6. h3 Bxf3 7. Qxf3 e6 8. a3 Nbd7 9. Bd2 Bd6 10. g4 h6 11. h4 g6 12. g5 hxg5 13. hxg5 Nh5 14. e4 dxc4 15. Bxc4 Be7 16. e5 Bxg5 17. Bxg5 Qxg5 18. Ne4 Qe7 19. Nd6+ Kf8 20. 0-0-0 Kg7 21. Rdg1 c5 22. Rxh5 Rxh5 23. Qxh5 cxd4 24. Bd3 Nf8 25. f4 Qc7+ 26. Kb1 Qc6 27. Qh3 1-0

[Event "Titled Tuesday intern op 12th Dec Early"]
[Site "Chess.com INT"]
[Date "2023.12.12"]
[Round "1"]
[White "Vishnu, Prasanna V"]
[Black "Kolmagorov, Alexey"]
[Result "1/2-1/2"]
[WhiteElo "2413"]
[BlackElo "2124"]
[PlyCount "60"]
[EventDate "2023.12.12"]
[EventType "swiss (blitz)"]
[EventRounds "11"]
[EventCountry "USA"]
[SourceTitle "CB51_2023"]
[SourceDate "2023.12.20"]
[SourceVersion "1"]
[SourceVersionDate "2023.12.20"]
[SourceQuality "1"]

1. Nf3 Nf6 2. g3 b5 3. Bg2 Bb7 4. 0-0 c5 5. d3 e6 6. e4 d6 7. a4 a6 8. Re1 Be7 9. d4 Nxe4 10. axb5 axb5 11. Rxa8 Bxa8 12. dxc5 Nxc5 13. Qe2 Bc6 14. Nd4 Bxg2 15. Qxb5+ Nbd7 16. Kxg2 Qa8+ 17. Kg1 0-0 18. b4 Rb8 19. Qc6 Qa1 20. bxc5 Rxb1 21. Nb3 Qc3 22. Qxd7 Qxe1+ 23. Kg2 Qe4+ 24. Kh3 Qf5+ 25. Kg2 Qe4+ 26. f3 Qxc2+ 27. Kh3 Qf5+ 28. Kg2 Qc2+ 29. Kh3 Qf5+ 30. Kg2 Qc2+ 1/2-1/2

[Event "Titled Tuesday intern op 12th Dec Early"]
[Site "Chess.com INT"]
[Date "2023.12.12"]
[Round "3"]
[White "Vishnu, Prasanna V"]
[Black "Matveeva, Olga"]
[Result "0-1"]
[WhiteElo "2413"]
[BlackElo "2156"]
[PlyCount "60"]
[EventDate "2023.12.12"]
[EventType "swiss (blitz)"]
[EventRounds "11"]
[EventCountry "USA"]
[SourceTitle "CB51_2023"]
[SourceDate "2023.12.20"]
[SourceVersion "1"]
[SourceVersionDate "2023.12.20"]
[SourceQuality "1"]

1. d4 d5 2. c4 e6 3. Nf3 Nf6 4. g3 Bb4+ 5. Nbd2 Be7 6. Bg2 0-0 7. 0-0 Nbd7 8. Qc2 c6 9. e4 dxe4 10. Nxe4 Nxe4 11. Qxe4 Nf6 12. Qe2 c5 13. Rd1 cxd4 14. Rxd4 Qa5 15. Bd2 Qb6 16. Bc3 Bd7 17. Ne5 Rad8 18. Rh4 Bc8 19. g4 Nd5 20. g5 Nxc3 21. Qh5 h6 22. gxh6 Bxh4 23. hxg7 Qxf2+ 24. Kh1 Kxg7 25. Bf3 Rd1+ 26. Rxd1 Nxd1 27. Qg4+ Kh8 28. Qh5+ Kg7 29. Qg4+ Kf6 30. Qf4+ Ke7 0-1

[Event "IND-ch 60th"]
[Site "Pune"]
[Date "2023.08.23"]
[Round "8"]
[White "Apoorv, Kamble"]
[Black "Vishnu, Prasanna V"]
[Result "0-1"]
[WhiteElo "2082"]
[BlackElo "2411"]
[PlyCount "84"]
[EventDate "2023.08.16"]
[EventType "swiss"]
[EventRounds "11"]
[EventCountry "IND"]
[SourceTitle "EXT 2024"]
[Source "ChessBase"]
[SourceDate "2023.10.10"]
[SourceVersion "1"]
[SourceVersionDate "2023.10.10"]
[SourceQuality "1"]

1. e4 c5 2. Nf3 Nc6 3. d4 cxd4 4. Nxd4 e5 5. Nb5 d6 6. Bc4 Be6 7. Bxe6 fxe6 8. a4 a6 9. N5c3 Nf6 10. 0-0 Be7 11. Nd2 0-0 12. Nc4 d5 13. Nd2 Qe8 14. Ne2 dxe4 15. Ng3 Qg6 16. c3 e3 17. fxe3 Ng4 18. Rxf8+ Rxf8 19. Nde4 h5 20. h3 Nf2 21. Nxf2 Qxg3 22. Qe2 e4 23. Nxe4 Qg6 24. Nf2 Bd6 25. Nd3 Qg3 26. Nf4 g5 27. Qxh5 gxf4 28. exf4 Ne5 29. Qe2 Bc5+ 30. Kh1 Nd3 31. Qxe6+ Kg7 32. Be3 Qxe3 33. Qg4+ Kf7 34. Qd7+ Kf6 35. Qxb7 Nf2+ 36. Kh2 Qxf4+ 37. g3 Ng4+ 38. Kh1 Qxg3 39. Qc6+ Bd6 40. Rf1+ Kg5 41. Qd5+ Kh4 42. Rxf8 Qh2# 0-1

[Event "IND-ch 60th"]
[Site "Pune"]
[Date "2023.08.20"]
[Round "5"]
[White "Vishnu, Prasanna V"]
[Black "Nirnay, Garg"]
[Result "1-0"]
[WhiteElo "2411"]
[BlackElo "1777"]
[PlyCount "57"]
[EventDate "2023.08.16"]
[EventType "swiss"]
[EventRounds "11"]
[EventCountry "IND"]
[SourceTitle "EXT 2024"]
[Source "ChessBase"]
[SourceDate "2023.10.10"]
[SourceVersion "1"]
[SourceVersionDate "2023.10.10"]
[SourceQuality "1"]

1. Nf3 d5 2. g3 Nf6 3. Bg2 Bf5 4. d3 e6 5. 0-0 c5 6. c4 Nc6 7. Nh4 Bg4 8. h3 Bh5 9. g4 Nd7 10. cxd5 exd5 11. Nf5 Bg6 12. e4 Bxf5 13. exf5 Be7 14. Re1 0-0 15. Bxd5 Nde5 16. Nc3 Bf6 17. Bf4 Re8 18. Bg3 Qb6 19. Be4 Qxb2 20. Nd5 Nd4 21. Rb1 Qxa2 22. Kg2 Rad8 23. Nxf6+ gxf6 24. g5 fxg5 25. Qh5 Nxd3 26. Qxg5+ Kh8 27. Qf6+ Kg8 28. Rg1 Qe2 29. Kh2 1-0

[Event "IND-ch 60th"]
[Site "Pune"]
[Date "2023.08.17"]
[Round "2"]
[White "Reyan, Md"]
[Black "Vishnu, Prasanna V"]
[Result "1/2-1/2"]
[WhiteElo "1818"]
[BlackElo "2411"]
[PlyCount "175"]
[EventDate "2023.08.16"]
[EventType "swiss"]
[EventRounds "11"]
[EventCountry "IND"]
[SourceTitle "EXT 2024"]
[Source "ChessBase"]
[SourceDate "2023.10.10"]
[SourceVersion "1"]
[SourceVersionDate "2023.10.10"]
[SourceQuality "1"]

1. e4 c5 2. Nc3 Nc6 3. Bb5 e6 4. Bxc6 bxc6 5. d3 d5 6. f4 Nf6 7. Nf3 Be7 8. 0-0 Ba6 9. Qe2 c4 10. d4 Nxe4 11. Nxe4 dxe4 12. Qxe4 Qd5 13. Re1 Qxe4 14. Rxe4 Rb8 15. Re5 Rb5 16. c3 Rd5 17. b4 Bd6 18. Rxd5 exd5 19. a4 f6 20. Bd2 Bc8 21. Re1+ Kd8 22. a5 Bf5 23. Bc1 Be4 24. Kf2 h6 25. h4 h5 26. g3 Bf5 27. Kg2 Re8 28. Rxe8+ Kxe8 29. Bd2 Kd7 30. Kf2 Kc7 31. Ne1 Kb7 32. Ng2 Ka6 33. Ne3 Be4 34. Nd1 Kb5 35. Nb2 Bc2 36. Kf3 Be7 37. Kf2 Ka6 38. Kf3 Kb7 39. Kf2 Kc8 40. Ke2 Kd7 41. Nd1 Bd6 42. Ne3 Be4 43. Kf2 Bc7 44. Bc1 Kc8 45. Bd2 Kb7 46. Nd1 Bd8 47. Ke2 g6 48. Kf2 Ka6 49. Nb2 Bc2 50. Be3 Bc7 51. Bd2 Kb7 52. Be1 Kc8 53. Ke2 Kd7 54. Nd1 Bd3+ 55. Kf3 Bd8 56. Bd2 Kc7 57. Kf2 Kb7 58. Kf3 Ka6 59. Kf2 Kb5 60. Nb2 Be4 61. Ke2 Bf5 62. Bc1 Bg4+ 63. Ke1 Be7 64. Bd2 Bf5 65. Ke2 Bc2 66. Kf2 Ka6 67. Ke2 Kb7 68. Nd1 Kc8 69. Ne3 Be4 70. Kf2 Kd7 71. Ke2 Ke6 72. Kf2 Kf7 73. Nf1 Bd3 74. Ne3 Bf8 75. Kf3 Be4+ 76. Kf2 Ke6 77. Ke2 Be7 78. Kf2 Kd7 79. Nd1 Bf8 80. Ne3 Bh6 81. Nd1 Bg7 82. Ne3 f5 83. Ke1 c5 84. dxc5 Kc6 85. Nd1 Bf3 86. Nb2 Kb5 87. Kf2 Be4 88. Ke3 1/2-1/2

[Event "Sivakasi Mahalingam Cup"]
[Site "Sivakasi"]
[Date "2023.07.25"]
[Round "9"]
[White "Nitin, Senthilvel"]
[Black "Vishnu, Prasanna V"]
[Result "0-1"]
[WhiteElo "2389"]
[BlackElo "2413"]
[PlyCount "80"]
[EventDate "2023.07.21"]
[EventType "swiss"]
[EventRounds "9"]
[EventCountry "IND"]
[SourceTitle "EXT 2024"]
[Source "ChessBase"]
[SourceDate "2023.10.10"]
[SourceVersion "1"]
[SourceVersionDate "2023.10.10"]
[SourceQuality "1"]

1. e4 c5 2. Nf3 Nc6 3. d4 cxd4 4. Nxd4 Nf6 5. Nc3 d6 6. Bc4 e6 7. Be3 a6 8. Qe2 Be7 9. 0-0-0 0-0 10. Bb3 Qe8 11. f3 b5 12. g4 Nxd4 13. Bxd4 Nd7 14. f4 Nc5 15. e5 Bb7 16. Rhf1 Nxb3+ 17. axb3 Qc6 18. f5 dxe5 19. Qxe5 Bf6 20. Qf4 Bxd4 21. Qxd4 exf5 22. gxf5 f6 23. Nd5 Rae8 24. Qb4 Kh8 25. Rfe1 a5 26. Rxe8 Rxe8 27. Qxa5 h6 28. Qc7 Qa6 29. Nf4 Bf3 30. Kd2 Bxd1 31. Ne6 Rg8 32. Kxd1 Qa1+ 33. Kd2 Qf1 34. Nf4 Qf2+ 35. Kc3 Qe1+ 36. Kd4 Qd2+ 37. Ke4 Kh7 38. Ne6 Qe2+ 39. Kd4 Qg4+ 40. Qf4 Qd1+ 0-1

[Event "Sivakasi Mahalingam Cup"]
[Site "Sivakasi"]
[Date "2023.07.23"]
[Round "6"]
[White "Vinoth Kumar, M."]
[Black "Vishnu, Prasanna V"]
[Result "0-1"]
[WhiteElo "1967"]
[BlackElo "2413"]
[PlyCount "80"]
[EventDate "2023.07.21"]
[EventType "swiss"]
[EventRounds "9"]
[EventCountry "IND"]
[SourceTitle "EXT 2024"]
[Source "ChessBase"]
[SourceDate "2023.10.10"]
[SourceVersion "1"]
[SourceVersionDate "2023.10.10"]
[SourceQuality "1"]

1. e4 c5 2. d3 Nc6 3. g3 g6 4. Bg2 Bg7 5. Nh3 Nf6 6. 0-0 d5 7. Nd2 0-0 8. f3 e5 9. Nf2 b6 10. c3 a5 11. a4 Ra7 12. Re1 Ba6 13. f4 Rd7 14. Qf3 dxe4 15. Ndxe4 Nxe4 16. dxe4 exf4 17. gxf4 Bc4 18. Qh3 Be6 19. f5 Bc4 20. Bf1 Bxf1 21. Rxf1 Ne5 22. Be3 Re8 23. Qg2 Qh4 24. Kh1 Bh6 25. Rae1 Bxe3 26. Rxe3 Rd2 27. b3 Red8 28. fxg6 hxg6 29. Rh3 Qf4 30. c4 Rb2 31. Nd3 Nxd3 32. Rxf4 Rxg2 33. Rfh4 Rg5 34. Rh8+ Kg7 35. R3h7+ Kf6 36. h4 Nf2+ 37. Kh2 Ng4+ 38. Kg3 Rd3+ 39. Kf4 Re5 40. h5 g5+ 0-1

[Event "Sivakasi Mahalingam Cup"]
[Site "Sivakasi"]
[Date "2023.07.23"]
[Round "5"]
[White "Vishnu, Prasanna V"]
[Black "Adhiadhavan, G."]
[Result "1-0"]
[WhiteElo "2413"]
[BlackElo "1501"]
[PlyCount "77"]
[EventDate "2023.07.21"]
[EventType "swiss"]
[EventRounds "9"]
[EventCountry "IND"]
[SourceTitle "EXT 2024"]
[Source "ChessBase"]
[SourceDate "2023.10.10"]
[SourceVersion "1"]
[SourceVersionDate "2023.10.10"]
[SourceQuality "1"]

1. c4 e6 2. Nf3 Nf6 3. g3 d5 4. Bg2 Be7 5. 0-0 0-0 6. b3 b6 7. Bb2 Bb7 8. e3 Nbd7 9. Nc3 c5 10. Qe2 Rc8 11. cxd5 exd5 12. d4 Qc7 13. Rac1 Rfd8 14. Rfd1 a6 15. Nh4 g6 16. dxc5 bxc5 17. Nxd5 Nxd5 18. Bxd5 Bxh4 19. gxh4 Nf8 20. Qf3 Rxd5 21. Qf6 Rd4 22. Bxd4 cxd4 23. Rxc7 Rxc7 24. exd4 Rc6 25. Qe7 Bc8 26. d5 Rc2 27. d6 Bd7 28. Rd4 Rxa2 29. h3 a5 30. h5 Bc6 31. f3 Ra1+ 32. Kf2 Ra2+ 33. Kg3 a4 34. h6 Bd7 35. Rf4 Bf5 36. d7 Nxd7 37. Rxf5 gxf5 38. Qg5+ Kf8 39. Qd8# 1-0

[Event "Titled Tuesday intern op 14th Mar Early"]
[Site "Chess.com INT"]
[Date "2023.03.14"]
[Round "1"]
[White "Vishnu, Prasanna V"]
[Black "Wilson, Elvin"]
[Result "0-1"]
[WhiteElo "2413"]
[BlackElo "2183"]
[PlyCount "46"]
[EventDate "2023.03.14"]
[EventType "swiss (blitz)"]
[EventRounds "11"]
[EventCountry "USA"]
[SourceTitle "EXT 2024"]
[Source "ChessBase"]
[SourceDate "2023.10.10"]
[SourceVersion "1"]
[SourceVersionDate "2023.10.10"]
[SourceQuality "1"]

1. e4 e6 2. b3 d5 3. Bb2 Nc6 4. Qe2 dxe4 5. Nc3 Nd4 6. Qxe4 Nf6 7. Qd3 e5 8. f3 Be7 9. 0-0-0 0-0 10. g4 a5 11. Nge2 Nc6 12. Qe3 b6 13. d4 exd4 14. Nxd4 Nxd4 15. Rxd4 Bc5 16. Ne2 Bxd4 17. Nxd4 Re8 18. Qf2 a4 19. Bc4 Bb7 20. Nf5 axb3 21. Bxb3 Ra5 22. Rd1 Qc8 23. Nxg7 Kxg7 0-1

[Event "Titled Tuesday intern op 7th Mar Early"]
[Site "Chess.com INT"]
[Date "2023.03.07"]
[Round "2"]
[White "Sztokbant, Bernardo Vainzoff"]
[Black "Vishnu, Prasanna V"]
[Result "1-0"]
[WhiteElo "2213"]
[BlackElo "2413"]
[PlyCount "91"]
[EventDate "2023.03.07"]
[EventType "swiss (blitz)"]
[EventRounds "11"]
[EventCountry "USA"]
[SourceTitle "EXT 2024"]
[Source "ChessBase"]
[SourceDate "2023.10.10"]
[SourceVersion "1"]
[SourceVersionDate "2023.10.10"]
[SourceQuality "1"]

1. e4 e5 2. Nf3 Nc6 3. Bb5 Nf6 4. 0-0 Nxe4 5. d4 Nd6 6. Bxc6 dxc6 7. dxe5 Nf5 8. Qxd8+ Kxd8 9. Nc3 Be7 10. h3 Ke8 11. b3 a5 12. Bb2 h5 13. a4 h4 14. Ne2 Be6 15. Nf4 Bd5 16. Nxd5 cxd5 17. Rad1 Rd8 18. Rfe1 Rh6 19. Kf1 Rc6 20. Re2 Re6 21. Nd4 Nxd4 22. Rxd4 f6 23. Rxh4 fxe5 24. Rh8+ Kf7 25. Rxd8 Bxd8 26. Rxe5 Rd6 27. Ke2 c6 28. g4 g6 29. Re3 Bg5 30. Be5 Rd8 31. f4 Be7 32. Bc7 Ra8 33. Kd3 Bc5 34. Rf3 Bb4 35. f5 g5 36. c3 Bc5 37. Be5 b5 38. h4 gxh4 39. g5 Re8 40. g6+ Kg8 41. Bd4 Bxd4 42. Kxd4 Kg7 43. Kc5 bxa4 44. bxa4 Re4 45. f6+ Kxg6 46. f7 1-0

[Event "Abu Dhabi Masters 28th"]
[Site "Abu Dhabi"]
[Date "2022.08.25"]
[Round "9"]
[White "Vishnu, Prasanna V"]
[Black "Aradhya, Garg"]
[Result "0-1"]
[WhiteElo "2432"]
[BlackElo "2240"]
[PlyCount "54"]
[EventDate "2022.08.17"]
[EventType "swiss"]
[EventRounds "9"]
[EventCountry "UAE"]
[SourceTitle "CBM 209 Extra"]
[Source "ChessBase"]
[SourceDate "2022.09.30"]
[SourceVersion "1"]
[SourceVersionDate "2022.09.30"]
[SourceQuality "1"]

1. e4 e5 2. Nf3 Nc6 3. Bc4 Nf6 4. d3 d5 5. exd5 Nxd5 6. 0-0 Be7 7. h3 0-0 8. Re1 Nb6 9. Bb3 a5 10. a4 Nd4 11. Nxd4 exd4 12. Nd2 Bb4 13. Qh5 Nd7 14. Re2 Nc5 15. Bc4 Be6 16. Bxe6 Nxe6 17. Nc4 Qf6 18. Re4 Rfe8 19. Qe2 Re7 20. Bd2 Bxd2 21. Qxd2 b6 22. Rae1 h6 23. Ne5 Rae8 24. Ng4 Qg6 25. b3 f5 26. Ne5 Qg5 27. f4 Qg3 0-1

[Event "Pune Maharashtra op 1st"]
[Site "Pune"]
[Date "2022.06.04"]
[Round "7"]
[White "Nguyen, Duc Hoa"]
[Black "Vishnu, Prasanna V"]
[Result "1-0"]
[WhiteElo "2398"]
[BlackElo "2437"]
[PlyCount "103"]
[EventDate "2022.05.31"]
[EventType "swiss"]
[EventRounds "11"]
[EventCountry "IND"]
[SourceTitle "CBM 208 Extra"]
[Source "ChessBase"]
[SourceDate "2022.07.31"]
[SourceVersion "1"]
[SourceVersionDate "2022.07.31"]
[SourceQuality "1"]

1. e4 e5 2. Nf3 Nc6 3. Nc3 Nf6 4. a3 a6 5. d4 exd4 6. Nxd4 Nxe4 7. Nxe4 Qe7 8. f3 d5 9. Bg5 f6 10. Nxc6 bxc6 11. Be3 dxe4 12. Qd2 Be6 13. fxe4 Qd7 14. Qc3 Bd6 15. 0-0-0 0-0 16. Bc4 Rfe8 17. Bc5 Qf7 18. Bxe6 Bf4+ 19. Kb1 Qxe6 20. g3 Be5 21. Bd4 Rab8 22. Bxe5 Qxe5 23. Qxe5 Rxe5 24. Rd7 Rb7 25. Re1 h5 26. Re3 Kh7 27. Rc3 Rxe4 28. Rxc6 Re1+ 29. Ka2 Re2 30. h4 Re3 31. Rxa6 Kg6 32. Rd3 Rxd3 33. cxd3 Kf5 34. Ra4 g5 35. Rc4 Rb5 36. b4 Rd5 37. Rxc7 Kg4 38. Rc5 Rd8 39. hxg5 fxg5 40. b5 h4 41. gxh4 gxh4 42. Rc7 Rh8 43. a4 h3 44. Rc1 Kf3 45. Kb3 Ke3 46. b6 h2 47. Rh1 Kxd3 48. a5 Kd4 49. Kb4 Kd5 50. Kb5 Kd6 51. Rd1+ Ke6 52. a6 1-0

[Event "IND-ch Blitz"]
[Site "Nashik"]
[Date "2022.04.30"]
[Round "8"]
[White "Vishnu, Prasanna V"]
[Black "Navalgund, Niranjan"]
[Result "1-0"]
[WhiteElo "2437"]
[BlackElo "2246"]
[PlyCount "73"]
[EventDate "2022.04.30"]
[EventType "swiss (blitz)"]
[EventRounds "11"]
[EventCountry "IND"]
[SourceTitle "CBM 208 Extra"]
[Source "ChessBase"]
[SourceDate "2022.07.31"]
[SourceVersion "1"]
[SourceVersionDate "2022.07.31"]
[SourceQuality "1"]

1. e4 e5 2. Nf3 Nc6 3. Bb5 a6 4. Ba4 Nf6 5. d3 d6 6. c3 g6 7. Nbd2 Bg7 8. Nf1 0-0 9. Bg5 h6 10. Bh4 b5 11. Bc2 d5 12. exd5 Qxd5 13. Ne3 Qd6 14. a4 Rb8 15. axb5 axb5 16. 0-0 Nd5 17. Nxd5 Qxd5 18. Bb3 Qd6 19. Re1 Bf5 20. Re3 b4 21. h3 bxc3 22. bxc3 Qc5 23. Ba4 Ra8 24. Rc1 Na5 25. Nxe5 Bxe5 26. d4 Qd6 27. Rxe5 Nc4 28. Be7 Qb6 29. Rb5 Qe6 30. Bxf8 Kxf8 31. Bb3 Kg7 32. Rc5 Bxh3 33. Bxc4 Qd7 34. gxh3 Qxh3 35. Bf1 Qh4 36. Qe2 Qf4 37. Qe5+ 1-0

[Event "IND-ch Blitz"]
[Site "Nashik"]
[Date "2022.04.30"]
[Round "4"]
[White "Vishnu, Prasanna V"]
[Black "Sharma, Vivek2222"]
[Result "1-0"]
[WhiteElo "2437"]
[BlackElo "1827"]
[PlyCount "71"]
[EventDate "2022.04.30"]
[EventType "swiss (blitz)"]
[EventRounds "11"]
[EventCountry "IND"]
[SourceTitle "CBM 208 Extra"]
[Source "ChessBase"]
[SourceDate "2022.07.31"]
[SourceVersion "1"]
[SourceVersionDate "2022.07.31"]
[SourceQuality "1"]

1. e4 e5 2. Nf3 Nc6 3. Bc4 Bc5 4. c3 Qe7 5. d4 Bb6 6. a4 a6 7. d5 Nb8 8. d6 Qxd6 9. Qxd6 cxd6 10. Ng5 Nh6 11. Na3 Nc6 12. 0-0 Bc7 13. h3 f6 14. Nf3 Nf7 15. Rd1 Ncd8 16. Bd5 Ne6 17. Nc4 Rb8 18. a5 Ke7 19. Be3 Nfd8 20. g3 Nc6 21. b4 g5 22. Ra2 h6 23. Rad2 Rd8 24. Ba7 Nxa7 25. Ne3 Ng7 26. h4 Nc6 27. Kg2 Na7 28. hxg5 hxg5 29. Rh1 b6 30. Rh7 Kf8 31. Rd1 Bb7 32. Rdh1 Bxd5 33. Nxd5 Rdc8 34. R1h6 Kg8 35. Rh8+ Kf7 36. Rxf6# 1-0

[Event "IND-ch Rapid"]
[Site "Nashik"]
[Date "2022.04.28"]
[Round "4"]
[White "Vishnu, Prasanna V"]
[Black "Sammed Jaykumar, Shete"]
[Result "1-0"]
[WhiteElo "2437"]
[BlackElo "2410"]
[PlyCount "77"]
[EventDate "2022.04.27"]
[EventType "swiss (rapid)"]
[EventRounds "9"]
[EventCountry "IND"]
[SourceTitle "CBM 208 Extra"]
[Source "ChessBase"]
[SourceDate "2022.07.31"]
[SourceVersion "1"]
[SourceVersionDate "2022.07.31"]
[SourceQuality "1"]

1. d4 d5 2. c4 dxc4 3. e3 c5 4. Bxc4 e6 5. Nf3 Nf6 6. 0-0 a6 7. Be2 Nbd7 8. Nc3 b5 9. e4 cxd4 10. Nxd4 Bb7 11. f3 Bc5 12. Kh1 0-0 13. Nb3 Bb6 14. Bf4 Rc8 15. Qe1 Bc7 16. Bxc7 Qxc7 17. Rc1 Qb8 18. Qg3 Ne5 19. Rfd1 Ba8 20. Bf1 Rfd8 21. Rxd8+ Rxd8 22. Nc5 b4 23. Nxa6 Qd6 24. Rd1 Qxd1 25. Nxd1 Rxd1 26. Kg1 Nfd7 27. Nxb4 h5 28. Qf2 Ra1 29. Qa7 g5 30. Qxa8+ Kg7 31. Qa7 Nf6 32. Qd4 Ng6 33. b3 Rc1 34. Qd2 Ra1 35. Qxg5 h4 36. a4 Nh7 37. Qe3 f6 38. Nc2 Rb1 39. Nd4 1-0

[Event "Titled Tuesday intern op 22 Mar Early"]
[Site "Chess.com INT"]
[Date "2022.03.22"]
[Round "8"]
[White "Omelja, Artem"]
[Black "Vishnu, Prasanna V"]
[Result "0-1"]
[WhiteElo "2515"]
[BlackElo "2476"]
[PlyCount "104"]
[EventDate "2022.03.22"]
[EventType "swiss (blitz)"]
[EventRounds "11"]
[EventCountry "USA"]
[SourceTitle "CBM 207 Extra"]
[Source "ChessBase"]
[SourceDate "2022.05.31"]
[SourceVersion "1"]
[SourceVersionDate "2022.05.31"]
[SourceQuality "1"]

1. d4 Nf6 2. c4 e6 3. Nf3 d5 4. Nc3 c6 5. e3 Nbd7 6. Qc2 Bd6 7. Bd3 0-0 8. 0-0 dxc4 9. Bxc4 b5 10. Be2 Bb7 11. e4 e5 12. dxe5 Nxe5 13. Nxe5 Bxe5 14. Be3 b4 15. Na4 c5 16. Nxc5 Rc8 17. Nxb7 Rxc2 18. Nxd8 Rxe2 19. Nc6 Bxb2 20. Rab1 Nxe4 21. Nxb4 a5 22. Nd3 Bc3 23. a3 Bd2 24. Rb2 Rd8 25. Nf4 Rxe3 26. fxe3 Bxe3+ 27. Kh1 Bxf4 28. Rb5 Bd2 29. g3 g6 30. Rb7 f5 31. Rb5 Bc3 32. Rb7 Rd2 33. Rf3 h5 34. Rf1 Nf2+ 35. Kg2 Ng4+ 36. Kf3 Nxh2+ 37. Kf4 Be5+ 38. Kg5 Nxf1 39. Kxg6 Rd6+ 40. Kxf5 Bxg3 41. Rb8+ Kh7 42. Rb7+ Kh6 43. Rb3 h4 44. Kg4 Rg6+ 45. Kh3 Nd2 46. Rd3 Ne4 47. Rd5 Ng5+ 48. Kg2 Rf6 49. Rxa5 Rf2+ 50. Kh1 Rh2+ 51. Kg1 Nf3+ 52. Kf1 Rf2# 0-1

[Event "Titled Tuesday intern op 22 Mar Early"]
[Site "Chess.com INT"]
[Date "2022.03.22"]
[Round "6"]
[White "Sadovsky, Artem"]
[Black "Vishnu, Prasanna V"]
[Result "0-1"]
[WhiteElo "2283"]
[BlackElo "2476"]
[PlyCount "68"]
[EventDate "2022.03.22"]
[EventType "swiss (blitz)"]
[EventRounds "11"]
[EventCountry "USA"]
[SourceTitle "CBM 207 Extra"]
[Source "ChessBase"]
[SourceDate "2022.05.31"]
[SourceVersion "1"]
[SourceVersionDate "2022.05.31"]
[SourceQuality "1"]

1. Nf3 Nf6 2. e3 c5 3. c4 e6 4. b3 Nc6 5. Bb2 Be7 6. Be2 0-0 7. 0-0 b6 8. d4 cxd4 9. Nxd4 Nxd4 10. Bxd4 Bb7 11. Bf3 Bxf3 12. Qxf3 Qb8 13. Nd2 b5 14. Rac1 Rc8 15. Rfd1 bxc4 16. Nxc4 d5 17. Ne5 Qb5 18. g4 Qe8 19. Rxc8 Rxc8 20. Bxa7 Ne4 21. Bd4 Rc2 22. Nd3 Rxa2 23. b4 h6 24. Nc1 Rxf2 25. Qxf2 Nxf2 26. Kxf2 Bxb4 27. Nd3 Bd6 28. Be5 Qb8 29. Bxd6 Qxd6 30. Kg2 Qc6 31. Rc1 Qa8 32. Nc5 Qa2+ 33. Kg3 Qe2 34. e4 Qe3+ 0-1

[Event "Titled Tuesday intern op 22 Mar Early"]
[Site "Chess.com INT"]
[Date "2022.03.22"]
[Round "1"]
[White "Vishnu, Prasanna V"]
[Black "Buscar, Michael"]
[Result "1-0"]
[WhiteElo "2476"]
[BlackElo "2088"]
[PlyCount "99"]
[EventDate "2022.03.22"]
[EventType "swiss (blitz)"]
[EventRounds "11"]
[EventCountry "USA"]
[SourceTitle "CBM 207 Extra"]
[Source "ChessBase"]
[SourceDate "2022.05.31"]
[SourceVersion "1"]
[SourceVersionDate "2022.05.31"]
[SourceQuality "1"]

1. e4 c5 2. Nc3 g6 3. d4 cxd4 4. Qxd4 Nf6 5. Be3 Bg7 6. f3 Nc6 7. Qd2 0-0 8. Nge2 d6 9. h4 Ne5 10. Nf4 h5 11. 0-0-0 Bd7 12. Nfd5 Rc8 13. Bg5 Kh7 14. f4 Nc4 15. Bxc4 Rxc4 16. Bxf6 exf6 17. Kb1 Bg4 18. Rde1 b5 19. f5 b4 20. Nd1 Bh6 21. Qd3 Rc5 22. N1e3 Bxe3 23. Qxe3 Re8 24. Rhf1 Rxd5 25. fxg6+ fxg6 26. Qxa7+ Re7 27. Qa4 Rde5 28. Qxb4 Qe8 29. a4 Rxe4 30. Rxe4 Rxe4 31. Qxd6 Re1+ 32. Rxe1 Qxe1+ 33. Ka2 Kg7 34. Qc7+ Kh6 35. Qd8 Qe6+ 36. b3 Kg7 37. a5 Be2 38. Qc7+ Kh6 39. Ka3 Qe5 40. Qxe5 fxe5 41. c4 Bf1 42. g3 Bg2 43. a6 e4 44. Kb2 e3 45. Kc3 Be4 46. b4 Kg7 47. b5 Kf6 48. b6 Kf5 49. b7 e2 50. Kd2 1-0